书目信息 |
| 题名: |
迷人的材料
|
|
| 作者: | 米奥多尼克 著 ;赖盈满 译 | |
| 分册: | ||
| 出版信息: | 北京 北京联合出版公司 2018.03 |
|
| 页数: | 228页 | |
| 开本: | 25cm | |
| 丛书名: | ||
| 单 册: | ||
| 中图分类: | TB3 | |
| 科图分类: | ||
| 主题词: | 材料科学--cai liao ke xue--普及读物 | |
| 电子资源: | ||
| ISBN: | 978-7-5596-0226-8 | |
| 000 | 01143nam0 2200277 450 | |
| 001 | 0100002180 | |
| 005 | 20191018153837.32 | |
| 010 | @a978-7-5596-0226-8@b精装@dCNY88.00 | |
| 100 | @a20180428d2018 em y0chiy50 ea | |
| 101 | 1 | @achi@ceng |
| 102 | @aCN@b110000 | |
| 105 | @aa z 000yy | |
| 200 | 1 | @a迷人的材料@Ami ren de cai liao@f(英) 马克·米奥多尼克著@d= Stuff matters@fMark Miodownik@g赖盈满译@zeng |
| 210 | @a北京@c北京联合出版公司@d2018.03 | |
| 215 | @a228页@c图@d25cm | |
| 300 | @a精装珍藏版 | |
| 306 | @a由台湾远见天下文化出版股份有限公司授权出版 | |
| 314 | @a米奥多尼克, 伦敦大学学院材料科学教授等职。 | |
| 330 | @a这是一本讲述我们身边物质材料的科普书。作者介绍了介绍了10种在我们生活中被我们视为理所当然, 但对人类社会发展和日常生活影响巨大的人造物质, 它们包括: 钢、纸、混凝土、巧克力、发泡材料、塑料、玻璃、石墨、瓷器、人体植入物等。 | |
| 500 | 10 | @aStuff matters@mChinese |
| 606 | 0 | @a材料科学@Acai liao ke xue@j普及读物 |
| 690 | @aTB3@v5 | |
| 701 | 1 | @a米奥多尼克@Ami ao duo ni ke@g(Miodownik, Mark)@4著 |
| 702 | 0 | @a赖盈满@Alai ying man@4译 |
| 801 | 0 | @aCN@c20180910 |
| 905 | @a河南城建学院图书馆@dTB3@eM645-2 | |
| 迷人的材料/(英) 马克·米奥多尼克著= Stuff matters/Mark Miodownik/赖盈满译.-北京:北京联合出版公司,2018.03 |
| 228页:图;25cm |
| 精装珍藏版 |
| ISBN 978-7-5596-0226-8(精装):CNY88.00 |
| 这是一本讲述我们身边物质材料的科普书。作者介绍了介绍了10种在我们生活中被我们视为理所当然, 但对人类社会发展和日常生活影响巨大的人造物质, 它们包括: 钢、纸、混凝土、巧克力、发泡材料、塑料、玻璃、石墨、瓷器、人体植入物等。 |
| ● |
| 相关链接 |
|
|
|
正题名:迷人的材料
索取号:TB3/M645-2
 
预约/预借
| 序号 | 登录号 | 条形码 | 馆藏地/架位号 | 状态 | 备注 |
| 1 | 1239807 | 212398074 | 材料与化工学院资料室/ [索取号:TB3/M645-2] | 在馆 | |
| 2 | 1386418 | 213864184 | 自科库501/501自科库 8排4列2层/ [索取号:TB3/M645-2] | 在馆 | |
| 3 | 1386419 | 213864193 | 自科库501/501自科库 8排4列2层/ [索取号:TB3/M645-2] | 在馆 |